Hasta siempre, Mujercitas / (Record no. 184757)

MARC details
000 -LEADER
campo de control de longitud fija 00900nam a2200265 i 4500
001 - NÚMERO DE CONTROL
campo de control 184757
003 - IDENTIFICADOR DE NÚMERO DE CONTROL
campo de control ES-MaACL
005 - FECHA Y HORA DE LA ÚLTIMA TRANSACCIÓN
campo de control 20250804161021.0
008 - DATOS DE LONGITUD FIJA--INFORMACIÓN GENERAL
campo de control de longitud fija 151130s2004 sp |||| | spa d
020 ## - NÚMERO INTERNACIONAL ESTÁNDAR DEL LIBRO
Número Internacional Estándar del Libro 84-08-05327-2
080 ## - NÚMERO DE LA CLASIFICACIÓN DECIMAL UNIVERSAL
Número de la Clasificación Decimal Universal 821.134.2(83)-31"19"
100 1# - ENTRADA PRINCIPAL--NOMBRE DE PERSONA
Nombre de persona Serrano, Marcela,
Fechas asociadas al nombre 1951-
9 (RLIN) 158254
245 10 - MENCIÓN DEL TÍTULO
Título Hasta siempre, Mujercitas /
Mención de responsabilidad, etc. Marcela Serrano.
250 ## - MENCION DE EDICION
Mención de edición 1ª ed.
260 ## - PUBLICACIÓN, DISTRIBUCIÓN, ETC.
Lugar de publicación, distribución, etc. Barcelona :
Nombre del editor, distribuidor, etc. Planeta,
Fecha de publicación, distribución, etc. 2004.
300 ## - DESCRIPCIÓN FÍSICA
Extensión 286 p. ;
Dimensiones 24 cm.
490 1# - MENCIÓN DE SERIE
Mención de serie Autores españoles e iberoamericanos
655 #0 - TERMINO DE INDIZACIÓN--GENERO/FORMA
Datos o término principal de género/forma Novelas
9 (RLIN) 234319
830 0# - PUNTO DE ACCESO ADICIONAL DE SERIE-TÍTULO UNIFORME
Título uniforme Autores españoles e iberoamericanos
9 (RLIN) 119106
852 ## - LOCALIZACIÓN
Ubicación ES-MaACL
Número de control de estantería A-13631
itemnumber 191770
Sublocalización o colección R.150963
Ubicación en estantería Depósito 1
Signatura antigua Olim: N-6631
Donativo/Legado Donacion: Pilar Fernandez Vera
Encuadernación -enc. cart.
903 ## - NOMBRE PERSONAL DE DONANTE
a Fernández Vera, Pilar,
d 1961-
e Donante
9 49420
942 ## - ELEMENTOS DE ENTRADA SECUNDARIOS (KOHA)
Fuente del sistema de clasificación o colocación Clasificación decimal universal
Tipo de ítem Koha Libro impreso
Holdings
Estatus retirado Estado de pérdida Fuente del sistema de clasificación o colocación Estado de daño No para préstamo Biblioteca de origen Biblioteca actual Ubicación en estantería Fecha de adquisición Fuente de adquisición Total de préstamos Signatura topográfica completa Código de barras Visto por última vez Precio de reemplazo Tipo de ítem Koha
    Clasificación decimal universal     Biblioteca del Ateneo de Madrid Biblioteca del Ateneo de Madrid Depósito 1 30/11/2015 Donación   A-13631 1194541 23/02/2023 23/02/2023 Libro impreso